00440 2200169 4500001002100000008004100021035002000062245005100082100001800133260002900151300002000180020002200200084001500222082000800237650001000245990001500255INLIS000000000003262 ind  a0010-1225000083 aMisteri Musim Panas Di Duwang-RicYeonsun Park aPark, Yeonsun aJakarta :bBhuana Sastra a354c13,5x20 cm a978-623-04-1825-9 a813 PARK m a813 aFiksi a19737/B/26